| 000 | 00677nam a2200241Ia 4500 | ||
|---|---|---|---|
| 003 | OSt | ||
| 005 | 20220927110447.0 | ||
| 006 | a|||||r|||| 00| 0 | ||
| 007 | ta | ||
| 008 | 220926b |||||||| |||| 00| 0 eng d | ||
| 024 | _a100995 | ||
| 037 | _cReports | ||
| 040 |
_aRTL _cRTL _beng |
||
| 041 |
_2eng _aeng |
||
| 082 | _a"XM.226r, GD" | ||
| 110 |
_a"Coorg, Cooperative Societies (Registrar of-)" _9378445 |
||
| 245 | 0 | _aReport on the working of the co-operative societie | |
| 490 | _v1937 | ||
| 650 | _aCooperation | ||
| 700 |
_a"Coorg, Cooperative Societies (Registrar of-)" _9378446 |
||
| 942 |
_h"XM.226r, GD" _cCC |
||
| 999 |
_c696795 _d696795 |
||